000 00866pam a2200289 a 4500
008
020 _a0140091122 (pbk.)
049 _aMAIN
090 _aHD30.28 ANS
100 1 _aAnsoff, H. Igor.
245 1 0 _aCorporate strategy /
_cH. Igor Ansoff and Edward J. McDonnell.
260 _aNew York :
_bWiley,
_c1988.
300 _axviii, 258 p. :
_bill. ;
_c24 cm.
440 _aPenguin business series.
500 _aRev. ed. of: Corporate strategy. 1965.
504 _aIncludes bibliographical references.
500 _aIncludes index.
650 0 _aStrategic planning.
650 _aBusiness management.
700 1 _aMcDonnell, Edward J.
700 1 _aAnsoff, H. Igor.
907 _a.b10228974
_b02-02-07
_c02-02-07
003
005 20230123134348.0
040 _cNUST
942 _cBOOKS
_kHD30.28 ANS
999 _c164591
_d164591